Resum d'activitats : 2004 - 2007 / Àrea de Salut Pública i Consum 2004 - 2007 / Àrea de Salut Pública i Consum
Descripción Física:
71 p. : fot. col. ; 30 cm
MARC
| LEADER | 00000nam a2200000Ia 4500 | ||
|---|---|---|---|
| 001 | 19163 | ||
| 008 | 160829s200- ? xx 000 0 cat d | ||
| 080 | |a C-2-506 | ||
| 110 | |a Barcelona (Catalunya : Província). |b Àrea de Salut Pública i Consum |9 7348 | ||
| 245 | |a Resum d'activitats : |b 2004 - 2007 / Àrea de Salut Pública i Consum | ||
| 260 | |a Barcelona : |b la Diputació, |c 200- ? | ||
| 300 | |a 71 p. : |b fot. col. ; |c 30 cm | ||
| 650 | 0 | |a Salut pública |x Barcelona (Província) |9 49942 | |
| 650 | |a Barcelona. Diputació. Àrea de Salut Pública i Consum |x Activitats culturals |9 45358 | ||
| 901 | |a Arxiu | ||
| 942 | |n 1 | ||
| 952 | |0 0 |1 0 |4 0 |6 C2506 |7 1 |9 52524 |a Arxiu |b Arxiu |d 2016-12-01 |l 0 |o C-2-506 |p 19163 |r 2016-12-01 00:00:00 |w 2016-12-01 |y ARXIU | ||
| 999 | |c 56372 |d 56372 | ||